Corporate Financial Mgt.:an introduction (Record no. 2591)

MARC details
000 -LEADER
fixed length control field 00432nam a22001817a 4500
005 - DATE AND TIME OF LATEST TRANSACTION
control field 20180719153142.0
008 - FIXED-LENGTH DATA ELEMENTS--GENERAL INFORMATION
fixed length control field 160614b xxu||||| |||| 00| 0 eng d
020 ## - INTERNATIONAL STANDARD BOOK NUMBER
ISBN 0-07-048368-x
041 ## - LANGUAGE CODE
Language code of text/sound track or separate title eng
082 ## - DEWEY DECIMAL CLASSIFICATION NUMBER
Item number 7336
Classification number 658.15
100 ## - MAIN ENTRY--AUTHOR NAME
Personal name Raj. A Besant C
245 ## - TITLE STATEMENT
Title Corporate Financial Mgt.:an introduction
250 ## - EDITION STATEMENT
Edition statement 3rd ed.
260 ## - PUBLICATION, DISTRIBUTION, ETC. (IMPRINT)
Name of publisher TMH
Year of publication 2003
300 ## - PHYSICAL DESCRIPTION
Number of Pages 193p,
650 ## - SUBJECT ADDED ENTRY--TOPICAL TERM
Topical Term Management
942 ## - ADDED ENTRY ELEMENTS (KOHA)
Koha item type Books
Holdings
Lost status Damaged status Home library Current library Shelving location Date acquired Full call number Accession Number Koha item type
    JRU Library   SHELF-16-G 14/06/2016 658.15 7336 Books